<?xml version="1.0" encoding="UTF-8"?>
<record
    xmlns:xsi="http://www.w3.org/2001/XMLSchema-instance"
    xsi:schemaLocation="http://www.loc.gov/MARC21/slim http://www.loc.gov/standards/marcxml/schema/MARC21slim.xsd"
    xmlns="http://www.loc.gov/MARC21/slim">

  <leader>01329    a2200265   4500</leader>
  <controlfield tag="001">2162214035926770</controlfield>
  <controlfield tag="003">UA-OsUOA</controlfield>
  <controlfield tag="005">20260504115647.0</controlfield>
  <controlfield tag="008">260430b        un a|||| |||| 00| f ukr d</controlfield>
  <datafield tag="020" ind1=" " ind2=" ">
    <subfield code="a">5774511294</subfield>
  </datafield>
  <datafield tag="040" ind1=" " ind2=" ">
    <subfield code="a">UA-OsUOA</subfield>
    <subfield code="b">ukr</subfield>
    <subfield code="c">UA-OsUOA</subfield>
    <subfield code="d">UA-OsUOA</subfield>
  </datafield>
  <datafield tag="041" ind1=" " ind2=" ">
    <subfield code="a">ukr</subfield>
  </datafield>
  <datafield tag="080" ind1=" " ind2=" ">
    <subfield code="a">821.161.2</subfield>
  </datafield>
  <datafield tag="090" ind1=" " ind2=" ">
    <subfield code="a">821.161.2</subfield>
    <subfield code="b">&#x428;37</subfield>
  </datafield>
  <datafield tag="100" ind1=" " ind2=" ">
    <subfield code="a">&#x428;&#x435;&#x432;&#x447;&#x443;&#x43A; &#x412;.</subfield>
    <subfield code="9">25139</subfield>
  </datafield>
  <datafield tag="245" ind1=" " ind2=" ">
    <subfield code="a">&#x41A;&#x43E;&#x43C;&#x43F;&#x430;&#x43D;&#x456;&#x44F; &#x437; &#x43F;&#x438;&#x432;&#x43D;&#x438;&#x446;&#x456; &#x431;&#x456;&#x43B;&#x44F; &#x427;&#x443;&#x434;&#x43D;&#x456;&#x432;&#x441;&#x44C;&#x43A;&#x43E;&#x433;&#x43E; &#x43C;&#x43E;&#x441;&#x442;&#x443;</subfield>
    <subfield code="b">&#x43F;&#x43E;&#x432;&#x456;&#x441;&#x442;&#x44C;</subfield>
    <subfield code="c">&#x412;&#x430;&#x43B;&#x435;&#x440;&#x456;&#x439; &#x428;&#x435;&#x432;&#x447;&#x443;&#x43A;</subfield>
  </datafield>
  <datafield tag="260" ind1=" " ind2=" ">
    <subfield code="a">&#x41B;&#x44C;&#x432;&#x456;&#x432;</subfield>
    <subfield code="b">&#x41A;&#x430;&#x43C;&#x435;&#x43D;&#x44F;&#x440;</subfield>
    <subfield code="c">2006</subfield>
  </datafield>
  <datafield tag="300" ind1=" " ind2=" ">
    <subfield code="a">94 &#x441;.</subfield>
  </datafield>
  <datafield tag="490" ind1=" " ind2=" ">
    <subfield code="a">&#x421;&#x435;&#x440;&#x456;&#x44F; "&#x41F;&#x43E;&#x432;&#x456;&#x441;&#x442;&#x456;"</subfield>
  </datafield>
  <datafield tag="520" ind1=" " ind2=" ">
    <subfield code="a">&#x41F;&#x43E;&#x432;&#x456;&#x441;&#x442;&#x44C; &#x432;&#x456;&#x434;&#x43E;&#x43C;&#x43E;&#x433;&#x43E; &#x443;&#x43A;&#x440;&#x430;&#x457;&#x43D;&#x441;&#x44C;&#x43A;&#x43E;&#x433;&#x43E; &#x43F;&#x438;&#x441;&#x44C;&#x43C;&#x435;&#x43D;&#x43D;&#x438;&#x43A;&#x430; &#x43D;&#x430; &#x43F;&#x440;&#x438;&#x43A;&#x43B;&#x430;&#x434;&#x456; &#x43D;&#x435;&#x432;&#x435;&#x43B;&#x438;&#x447;&#x43A;&#x43E;&#x433;&#x43E; &#x43C;&#x456;&#x441;&#x442;&#x435;&#x447;&#x43A;&#x430; &#x432;&#x456;&#x434;&#x442;&#x432;&#x43E;&#x440;&#x44E;&#x454; &#x442;&#x44F;&#x436;&#x43A;&#x443; &#x430;&#x442;&#x43C;&#x43E;&#x441;&#x444;&#x435;&#x440;&#x443; 40&#x2013;50-&#x445; &#x440;&#x440;. &#x425;&#x425; &#x441;&#x442;. &#x413;&#x43E;&#x43B;&#x43E;&#x432;&#x43D;&#x438;&#x445; &#x457;&#x457; &#x43F;&#x435;&#x440;&#x441;&#x43E;&#x43D;&#x430;&#x436;&#x456;&#x432; &#x2013; &#x430; &#x446;&#x435; &#x43F;&#x2019;&#x44F;&#x442;&#x435;&#x440;&#x43E; &#x447;&#x43E;&#x43B;&#x43E;&#x432;&#x456;&#x43A;&#x456;&#x432; &#x2013; &#x43E;&#x431;&#x2019;&#x454;&#x434;&#x43D;&#x443;&#x44E;&#x442;&#x44C; &#x434;&#x432;&#x456; &#x440;&#x435;&#x447;&#x456;: &#x43F;&#x438;&#x432;&#x43D;&#x438;&#x446;&#x44F; &#x431;&#x456;&#x43B;&#x44F; &#x427;&#x443;&#x434;&#x43D;&#x456;&#x432;&#x441;&#x44C;&#x43A;&#x43E;&#x433;&#x43E; &#x43C;&#x43E;&#x441;&#x442;&#x443; &#x456; &#x441;&#x442;&#x440;&#x430;&#x445; &#x2013; &#x441;&#x442;&#x440;&#x430;&#x445; &#x435;&#x43F;&#x43E;&#x445;&#x438;.</subfield>
  </datafield>
  <datafield tag="650" ind1=" " ind2=" ">
    <subfield code="a">82 &#x41B;&#x456;&#x442;&#x435;&#x440;&#x430;&#x442;&#x443;&#x440;&#x430;. &#x41B;&#x456;&#x442;&#x435;&#x440;&#x430;&#x442;&#x443;&#x440;&#x43E;&#x437;&#x43D;&#x430;&#x432;&#x441;&#x442;&#x432;&#x43E;</subfield>
    <subfield code="9">15</subfield>
  </datafield>
  <datafield tag="942" ind1=" " ind2=" ">
    <subfield code="c">BK</subfield>
    <subfield code="2">udc</subfield>
  </datafield>
  <datafield tag="955" ind1=" " ind2=" ">
    <subfield code="a">3</subfield>
  </datafield>
  <datafield tag="999" ind1=" " ind2=" ">
    <subfield code="c">580623</subfield>
    <subfield code="d">580623</subfield>
  </datafield>
  <datafield tag="952" ind1=" " ind2=" ">
    <subfield code="0">0</subfield>
    <subfield code="1">0</subfield>
    <subfield code="2">udc</subfield>
    <subfield code="4">0</subfield>
    <subfield code="7">0</subfield>
    <subfield code="8">C_Shevchuk_V.</subfield>
    <subfield code="a">101</subfield>
    <subfield code="b">101</subfield>
    <subfield code="d">2026-04-28</subfield>
    <subfield code="e">&#x410;&#x43A;&#x442; &#x2116;24/28.04.2026</subfield>
    <subfield code="g">25.00</subfield>
    <subfield code="i">169888</subfield>
    <subfield code="l">0</subfield>
    <subfield code="o">821.161.2 &#x428;37</subfield>
    <subfield code="p">169888</subfield>
    <subfield code="r">2026-04-30 11:32:19</subfield>
    <subfield code="v">25.00</subfield>
    <subfield code="w">2026-04-30</subfield>
    <subfield code="y">BK</subfield>
  </datafield>
</record>
